LEADER 02208nam0 22004573i 450 001 SBL0466422 005 20251003044355.0 020 $aIT$b744725 100 $a20111220d1973 ||||0itac50 ba 101 | $aita$ceng 102 $ait 181 1$6z01$ai $bxxxe 182 1$6z01$an 183 1$6z01$anc$2RDAcarrier 200 1 $aFondamenti di analisi economica$fPaul Anthony Samuelson$gintroduzione di Antonio Gay 210 $aMilano$cIl saggiatore$d1973 215 $aXX, 458 p.$d21 cm 225 | $aˆLa ‰cultura$i. Biblioteca di economia$v7 300 $aTrad. di Alessandro Barghini, Antonio Gay. 410 0$1001MIL0108118$12001 $aˆLa ‰cultura$i. Biblioteca di economia$v7 500 10$aFoundations of economic analysis.$3PUV0465029$9CFIV005606$949265 606 $aEconomia matematica$2FIR$3CFIC029474$9E 676 $a330$9ECONOMIA$v21 676 $a330.0151$9ECONOMIA. Principi matematici$v23 676 $a330.1$9ECONOMIA. Sistemi e teorie$v20 676 $a330.1$9ECONOMIA. SISTEMI, SCUOLE, TEORIE$v21 676 $a330.1$9ECONOMIA. TEORIE.$v22 700 1$aSamuelson$b, Paul A.$3CFIV005606$4070$0440036 702 1$aGay$b, Antonio$3CFIV018203$4340 702 1$aBarghini$b, Alessandro$3RAVV042125$4730 790 1$aSamuelson$b, Paul Anthony$3SBNV098765$zSamuelson, Paul A. 790 1$aSamuelson$b, Paul Abraham$3UTOV565611$zSamuelson, Paul A. 801 3$aIT$bIT-000000$c20111220 850 $aIT-BN0095 $aIT-NA0079 901 $bNAP BN$cA $nComprende volumi con collocazioni per formato catalogati prima del 1987. La consegna del doc. é effettuata dall'Uff. Distribuzione. 901 $bNAP 01$cPOZZO LIB.$nVi sono collocati fondi di economia, periodici di ingegneria e scienze, periodici di economia e statistica e altri fondi comprendenti documenti di economia pervenuti in dono. 912 $aSBL0466422 950 0$aBiblioteca Centralizzata di Ateneo$c1 v.$d 01POZZO LIB.F. PARRAVICINI 345$e 0101 0600162305E VMA v. (Precedente collocazione 374)$fB $h20221024$i20221024 977 $a 01$a BN 996 $aFoundations of Economic Analysis$949265 997 $aUNISANNIO